principles of environmental physics: (Record no. 5843)

MARC details
000 -LEADER
fixed length control field 00570nam a22002057a 4500
003 - CONTROL NUMBER IDENTIFIER
control field OSt
005 - DATE AND TIME OF LATEST TRANSACTION
control field 20170509144543.0
008 - FIXED-LENGTH DATA ELEMENTS--GENERAL INFORMATION
fixed length control field 170509b xxu||||| |||| 00| 0 eng d
020 ## - INTERNATIONAL STANDARD BOOK NUMBER
International Standard Book Number 071312931x
040 ## - CATALOGING SOURCE
Transcribing agency DDC.
082 ## - DEWEY DECIMAL CLASSIFICATION NUMBER
Classification number 571.49MON 1990.
100 ## - MAIN ENTRY--PERSONAL NAME
Personal name Monteith,J.L;Unworth,M;
9 (RLIN) 12131
245 ## - TITLE STATEMENT
Title principles of environmental physics:
250 ## - EDITION STATEMENT
Edition statement 2nd ed
260 ## - PUBLICATION, DISTRIBUTION, ETC. (IMPRINT)
Place of publication, distribution, etc. Oxford;Butterworth Heinemann,1990.
300 ## - PHYSICAL DESCRIPTION
Extent xii,291p;
Other physical details ill:
Dimensions 23cm.
504 ## - BIBLIOGRAPHY, ETC. NOTE
Bibliography, etc references and index are included.
650 ## - SUBJECT ADDED ENTRY--TOPICAL TERM
Topical term or geographic name as entry element Environmental physics.
9 (RLIN) 12132
942 ## - ADDED ENTRY ELEMENTS (KOHA)
Source of classification or shelving scheme Dewey Decimal Classification
Koha item type Open Shelf
Holdings
Withdrawn status Lost status Source of classification or shelving scheme Damaged status Not for loan Home library Current library Date acquired Source of acquisition Inventory number Total Checkouts Full call number Barcode Date last seen Price effective from Koha item type
    Dewey Decimal Classification     MUST Main Library MUST Main Library 09/05/2017   06/26297   571.49MON 1990. 2017-0832 09/05/2017 09/05/2017 Open Shelf
    Dewey Decimal Classification     MUST Main Library MUST Main Library 24/06/2024 Donation 2006/26106   571.49MON 1990. 2024-21050 24/06/2024 24/06/2024 Open Shelf